Estadísticas para Forma de países que NO...

Haz click aquí para intentar la prueba.

Estadísticas generales

  • Esta prueba ha sido intentada 81 veces
  • La puntuación promedio es 5 de 10

Estadísticas de respuestas

PreguntaRespuesta% Correcto
Cual de estos países NO es de lationoamérica
85%
Cual de estos países NO habla una lengua procedente del latín
67%
Cual de estos países NO es de mayoría musulmana
64%
Cual de estos países NO tiene una capital con un nombre de dos palabras.
47%
Cual de estos países africanos NO fue colonizado por europeos
46%
Cual de estos países NO era de la ex-Yugoslavia
44%
Cual de estos países NO tenia frontera con la antigua Unión Soviética
40%
Cual de estos países NO ha sido parte del imperio británico.
38%
Cual de estos países NO tuvo ninguna vez costa.
28%
Cual de estos países NO participo en el congreso de Berlín
15%

Distribución de puntuación

Porcentaje por número respondido

Porcentaje de gente con cada puntuación

Historial de tus puntuaciones

No has intentado esta prueba.